Cities and slums : (Record no. 17200)
[ view plain ]
| 000 -LEADER | |
|---|---|
| fixed length control field | 00967cam a2200301 a 4500 |
| 001 - CONTROL NUMBER | |
| control field | 17200 |
| 003 - CONTROL NUMBER IDENTIFIER | |
| rucl marc code | BD-RjUL |
| 005 - DATE AND TIME OF LATEST TRANSACTION | |
| control field | 20211209000114.0 |
| 008 - FIXED-LENGTH DATA ELEMENTS--GENERAL INFORMATION | |
| fixed length control field | 140216s1984 ii b 001 0 eng |
| 035 ## - SYSTEM CONTROL NUMBER | |
| System control number | (BD-RjUL)17257 |
| 040 ## - CATALOGING SOURCE | |
| Original cataloging agency | DLC |
| Transcribing agency | DLC |
| Modifying agency | OCoLC |
| -- | DLC |
| Language of cataloging | eng |
| 041 ## - LANGUAGE CODE | |
| Language code of text/sound track or separate title | eng |
| 082 00 - DEWEY DECIMAL CLASSIFICATION NUMBER | |
| Classification number | 307.36 |
| Edition number | 19 |
| Author mark and year | RAC 1984 |
| 100 2# - MAIN ENTRY--PERSONAL NAME | |
| Personal name | Ranga Rao, K. |
| Fuller form of name | (Kondapalli), |
| Dates associated with a name | 1933- |
| 9 (RLIN) | 53044 |
| 245 10 - TITLE STATEMENT | |
| Title | Cities and slums : |
| Remainder of title | a study of a squatters' settlement in the city of Vijayawada / |
| Statement of responsibility, etc. | K. Ranga Rao, M.S.A. Rao. |
| 260 ## - PUBLICATION, DISTRIBUTION, ETC. (IMPRINT) | |
| Place of publication, distribution, etc. | New Delhi : |
| Name of publisher, distributor, etc. | Concept, |
| Date of publication, distribution, etc. | 1984. |
| 300 ## - PHYSICAL DESCRIPTION | |
| Pagination | 117 p. : |
| Illustrations | maps ; |
| Size | 22 cm. |
| 500 ## - GENERAL NOTE | |
| General note | Spine title: Cities & slums. |
| General note | Includes index. |
| 504 ## - BIBLIOGRAPHY, ETC. NOTE | |
| Bibliography, etc | Bibliography: p. [109]-112. |
| 650 #0 - SUBJECT ADDED ENTRY--TOPICAL TERM | |
| Topical term or geographic name as entry element | Slums |
| Geographic subdivision | India |
| -- | Vijayawāda. |
| 9 (RLIN) | 53045 |
| 651 #0 - SUBJECT ADDED ENTRY--GEOGRAPHIC NAME | |
| Geographic name | Vijayawāda (India) |
| General subdivision | Social conditions. |
| 9 (RLIN) | 53046 |
| 700 1# - ADDED ENTRY--PERSONAL NAME | |
| Personal name | Rao, M. S. A. |
| 942 ## - ADDED ENTRY ELEMENTS (KOHA) | |
| Source of classification or shelving scheme | Dewey Decimal Classification |
| Koha item type | Books |
| Lost status | Source of classification or shelving scheme | Damaged status | Not for loan | Collection code | Permanent Location | Current Location | Shelving location | Date acquired | Source of acquisition | Cost, normal purchase price | Total Checkouts | Full call number | Date last seen | Copy number | Koha item type |
|---|---|---|---|---|---|---|---|---|---|---|---|---|---|---|---|
| Dewey Decimal Classification | Not For Loan | Non-fiction | Central Library, University of Rajshahi | Central Library, University of Rajshahi | Reading Room | 29/04/1989 | Karim international | 65.00 | 307.36 RAC 1984 | 16/02/2014 | C-1 | Books |